Las brujas / (Registro nro. 29758)
[ vista simple ]
| 000 -CABECERA | |
|---|---|
| campo de control de longitud fija | 00872nam a22002537a 4500 |
| 008 - CÓDIGOS DE INFORMACIÓN DE LONGITUD FIJA | |
| fixed length control field | 220929s1992 ck a|||br|||| 00| jdspa d |
| 020 ## - NÚMERO INTERNACIONAL NORMALIZADO PARA LIBROS | |
| ISBN | 9582401001 |
| 040 ## - Fuente de catalogación | |
| Agencia original de catalogación | CO-JMCR |
| Agencia de modificación | CO-JMCR |
| 041 1# - CÓDIGO DE LENGUA | |
| Código idioma | spa |
| Language code of original | eng |
| 082 04 - NÚMERO DE LA CLASIFICACIÓN DECIMAL DEWEY | |
| Número de clasificación Decimal | N |
| Número de documento (Cutter) | DAHb |
| 100 1# - PUNTO DE ACCESO PRINCIPAL-NOMBRE DE PERSONA | |
| Nombre personal | Dahl, Roald, |
| Fechas asociadas al nombre | autor |
| 9 (RLIN) | 42399 |
| 245 14 - TÍTULO PROPIAMENTE DICHO | |
| Título | Las brujas / |
| Mención de responsabilidad, etc. | Roald Dahl ; traducción de Maribel de Juan ; ilustraciones de Quentin Blake |
| 250 ## - DECLARACIÓN DE EDICIÓN | |
| Declaración de edición | Primera edición |
| 260 ## - PUBLICACIÓN, DISTRIBUCIÓN, ETC. (PIE DE IMPRENTA) | |
| Lugar de publicación, distribución, etc. | Bogotá : |
| Nombre del editor, distribuidor, etc. | Alfaguara, |
| Fecha de publicación, distribución, etc. | 1992 |
| 300 ## - DESCRIPCIÓN FÍSICA | |
| Extensión | 200 páginas : |
| Otros detalles físicos | ilustraciones a blanco y negro ; |
| Dimensiones | 19 cm. |
| 500 ## - NOTA GENERAL | |
| Nota general | Incluye datos biográficos del autor. |
| 521 ## - TARGET AUDIENCE NOTE | |
| Target audience note | Desde los 10 años. |
| Source | Tapa posterior. |
| 650 14 - TÉRMINO DE MATERIA | |
| Subdivisión cronológica | Siglo XX |
| 9 (RLIN) | 7155 |
| 700 1# - AUTOR SECUNDARIO - PERSONA | |
| Nombre de persona | Juan, Maribel de, |
| 9 (RLIN) | 42400 |
| 700 1# - AUTOR SECUNDARIO - PERSONA | |
| Nombre de persona | Blake, Quentin, |
| 9 (RLIN) | 42401 |
| Withdrawn status | Lost status | Source of classification or shelving scheme | Damaged status | Not for loan | Collection code | Home library | Current library | Shelving location | Date acquired | Source of acquisition | Total Checkouts | Full call number | Barcode | Date last seen | Date last checked out | Copy number | Price effective from | Koha item type | Public note |
|---|---|---|---|---|---|---|---|---|---|---|---|---|---|---|---|---|---|---|---|
| Dewey Decimal Classification | Fiction | Biblioteca Pública José María del Castillo y Rada | Biblioteca Pública José María del Castillo y Rada | Fiction | 02/23/2022 | Donación | 4 | N DAHb | 201811161 | 03/31/2026 | 03/31/2026 | Ej.1 | 09/29/2022 | Books | Exlibris: Portada con nota "Julio Montoya V" con esfero negro. |